00376 a2200109 4500001001000000005001700010008004100027245009200068100002100160773006800181999001700249ART_3804220260410161803.0260409a 10aEl tratamiento contable del fideicomiso en el Código Civil y Comercial de la Nación1 aPapa, Rodolfo G.0 tDoctrina Societaria y Concursalg- Nº 338 (ene. 2016)wREV4298 c20762d20762